[Event "BCF-chTa 1920 (4NCL)"]
[Site "Daventry"]
[Date "2020.02.29"]
[Round "1.33"]
[White "Houska, Jovanka"]
[Black "House, Glenn"]
[Result "1-0"]
[WhiteElo "2410"]
[BlackElo "2227"]
[PlyCount "79"]
[EventDate "2019.11.09"]
[EventType "team-tourn"]
[EventRounds "11"]
[EventCountry "ENG"]
[SourceTitle "CBM 195 Extra"]
[Source "ChessBase"]
[SourceDate "2020.05.31"]
[SourceVersion "1"]
[SourceVersionDate "2020.05.31"]
[SourceQuality "1"]
[WhiteTeam "Wood Green"]
[BlackTeam "Spirit of Atticus"]
[WhiteTeamCountry "ENG"]
[BlackTeamCountry "ENG"]

1. d4 Nf6 2. Nf3 g6 3. Nbd2 Bg7 4. e4 d6 5. Bb5+ c6 6. Bd3 0-0 7. 0-0 Bg4 8. h3 Bxf3 9. Nxf3 Nfd7 10. Bg5 c5 11. c3 cxd4 12. cxd4 Nc6 13. Be3 e5 14. d5 Nd4 15. Rc1 Qb6 16. Nd2 Nc5 17. Nc4 Qd8 18. Bb1 b5 19. Nxe5 dxe5 20. Rxc5 Qb6 21. Rc1 Rac8 22. Bd3 b4 23. Qa4 a5 24. Qd7 Rcd8 25. Qa4 Qf6 26. Rc5 Qh4 27. Bxd4 exd4 28. Qd1 a4 29. Qxa4 f5 30. exf5 gxf5 31. Qd1 Kh8 32. Qf3 Be5 33. Re1 Bd6 34. Rc6 Bb8 35. Ree6 Qf4 36. Qxf4 Bxf4 37. g3 Bb8 38. Re7 Rxd5 39. Rh6 Rc8 40. Rhxh7+ 1-0

[Event "BCF-chTa 1920 (4NCL)"]
[Site "Daventry"]
[Date "2020.01.11"]
[Round "3.43"]
[White "House, Glenn"]
[Black "Wells, Peter K"]
[Result "0-1"]
[WhiteElo "2239"]
[BlackElo "2390"]
[PlyCount "98"]
[EventDate "2019.11.09"]
[EventType "team-tourn"]
[EventRounds "11"]
[EventCountry "ENG"]
[SourceTitle "CBM 194 Extra"]
[Source "ChessBase"]
[SourceDate "2020.03.31"]
[SourceVersion "1"]
[SourceVersionDate "2020.03.31"]
[SourceQuality "1"]
[WhiteTeam "Spirit of Atticus"]
[BlackTeam "White Rose"]
[WhiteTeamCountry "ENG"]
[BlackTeamCountry "ENG"]

1. Nf3 c5 2. g3 Nc6 3. Bg2 g6 4. d3 Bg7 5. e4 d6 6. 0-0 e5 7. c3 Nge7 8. a3 0-0 9. b4 a6 10. Nbd2 h6 11. Bb2 Be6 12. Nb3 b6 13. Re1 Ra7 14. Rb1 f5 15. exf5 gxf5 16. Nh4 Bf6 17. Nf3 Kh7 18. Nfd2 a5 19. b5 Nb8 20. c4 Ng6 21. d4 Re7 22. d5 Bc8 23. Nf1 e4 24. Bxf6 Rxf6 25. Qc2 Nd7 26. Rbd1 Nde5 27. Nc1 Rg7 28. Nd2 h5 29. Re3 h4 30. Ne2 Kg8 31. f4 Ng4 32. Rb3 hxg3 33. hxg3 Rff7 34. Nf1 Rh7 35. Ne3 Nxe3 36. Rxe3 Rfg7 37. Kf2 Nf8 38. Rh1 Rxh1 39. Bxh1 Nd7 40. Bg2 Nf6 41. Bh3 Rh7 42. Kg2 Rxh3 43. Kxh3 Ng4 44. Qc1 Qf6 45. Kg2 Qh8 46. Qg1 Qb2 47. Kh3 Qd2 48. Qa1 Qxe3 49. Kh4 Qxe2 0-1

[Event "BCF-chT2 1819 (4NCL) Promotion"]
[Site "England"]
[Date "2019.05.06"]
[Round "11.14"]
[White "House, Glenn"]
[Black "French, Max"]
[Result "1-0"]
[WhiteElo "2224"]
[BlackElo "2228"]
[PlyCount "127"]
[EventDate "2018.11.10"]
[EventType "team-tourn"]
[EventRounds "11"]
[EventCountry "ENG"]
[SourceTitle "EXT 2021"]
[Source "ChessBase"]
[SourceDate "2020.10.23"]
[SourceVersion "1"]
[SourceVersionDate "2020.10.23"]
[SourceQuality "1"]
[WhiteTeam "Spirit of Atticus"]
[BlackTeam "Barbican II"]
[WhiteTeamCountry "ENG"]
[BlackTeamCountry "ENG"]

1. Nf3 Nf6 2. g3 d5 3. Bg2 Nc6 4. 0-0 e5 5. d3 Be7 6. c4 dxc4 7. Qa4 0-0 8. Qxc4 Re8 9. Nc3 Bf8 10. Be3 Na5 11. Qa4 c5 12. Bg5 Nc6 13. Nd2 Be7 14. Nde4 Bd7 15. Bxf6 gxf6 16. Nd5 f5 17. Nxe7+ Qxe7 18. Nc3 Nd4 19. Qd1 Bc6 20. e3 Bxg2 21. Kxg2 Ne6 22. Qf3 Ng7 23. e4 Qd7 24. Nd5 Qc6 25. Rac1 fxe4 26. dxe4 f5 27. Rfd1 fxe4 28. Qxe4 Kh8 29. b4 b6 30. bxc5 bxc5 31. Nc3 Rac8 32. Rd5 Nh5 33. Qa4 Nf6 34. Qxc6 Rxc6 35. Rd2 Kg7 36. Re1 e4 37. h3 Kf7 38. Rde2 Ra6 39. g4 Re5 40. Kg3 h5 41. f4 Re8 42. Nxe4 Nxe4+ 43. Rxe4 Rxe4 44. Rxe4 hxg4 45. hxg4 Rxa2 46. f5 Ra6 47. Kf4 Rc6 48. Rc4 Rc8 49. g5 a5 50. Ke5 a4 51. Rxa4 c4 52. Ra7+ Kf8 53. f6 c3 54. Rh7 Rc5+ 55. Ke6 Rc6+ 56. Kf5 Ke8 57. Rh8+ Kd7 58. f7 Rc5+ 59. Ke4 c2 60. f8Q c1Q 61. Qd8+ Kc6 62. Rh6+ Kb5 63. Rb6+ Ka4 64. Qd7+ 1-0

[Event "Jersey op"]
[Site "St Clement Bay"]
[Date "2019.04.13"]
[Round "9"]
[White "House, Glenn"]
[Black "Rudd, Jack"]
[Result "0-1"]
[WhiteElo "2224"]
[BlackElo "2253"]
[PlyCount "98"]
[EventDate "2019.04.06"]
[EventType "swiss"]
[EventRounds "9"]
[EventCountry "GCI"]
[SourceTitle "CBM 189 Extra"]
[Source "ChessBase"]
[SourceDate "2019.06.03"]
[SourceVersion "1"]
[SourceVersionDate "2019.06.03"]
[SourceQuality "1"]

1. e4 d5 2. exd5 Qxd5 3. d4 Nc6 4. Nf3 Bg4 5. Be2 0-0-0 6. c4 Qd6 7. d5 Ne5 8. Nc3 Bxf3 9. gxf3 e6 10. Qa4 a6 11. Be3 Qb4 12. 0-0-0 Qxa4 13. Nxa4 exd5 14. Rxd5 Rxd5 15. cxd5 Nf6 16. Rd1 Bd6 17. Nc3 Ng6 18. h3 Nf4 19. Bf1 Be5 20. Kc2 Rd8 21. Bxf4 Bxf4 22. Bc4 Re8 23. a4 Re7 24. Bd3 g6 25. Bc4 Bd6 26. Bd3 Bc5 27. Ne4 Nxe4 28. fxe4 Bxf2 29. Rf1 Bd4 30. b4 Kd7 31. Kb3 Ke8 32. Kc4 Be5 33. b5 axb5+ 34. Kxb5 b6 35. Kc6 Kf8 36. Rf3 Kg7 37. Bc4 Bd6 38. Bd3 Kh6 39. Rf6 Be5 40. Rf3 Kg5 41. Kb7 f6 42. Kc8 h5 43. Kd8 Rh7 44. Bb5 Kh4 45. Bd7 g5 46. Bf5 Rh8+ 47. Ke7 g4 48. hxg4 hxg4 49. Rf1 Kg5 0-1

[Event "Jersey op"]
[Site "St Clement Bay"]
[Date "2019.04.12"]
[Round "8"]
[White "Le Roux, Jean Pierre"]
[Black "House, Glenn"]
[Result "1-0"]
[WhiteElo "2542"]
[BlackElo "2224"]
[PlyCount "108"]
[EventDate "2019.04.06"]
[EventType "swiss"]
[EventRounds "9"]
[EventCountry "GCI"]
[SourceTitle "CBM 189 Extra"]
[Source "ChessBase"]
[SourceDate "2019.06.03"]
[SourceVersion "1"]
[SourceVersionDate "2019.06.03"]
[SourceQuality "1"]

1. d4 Nf6 2. Nf3 d6 3. Nbd2 g6 4. e4 Bg7 5. Bb5+ c6 6. Bd3 0-0 7. 0-0 Nbd7 8. Re1 e5 9. c3 Qc7 10. a4 h6 11. a5 Nh5 12. Bf1 Re8 13. Nc4 Bf8 14. h3 Nhf6 15. dxe5 dxe5 16. b4 Rb8 17. Be3 b5 18. axb6 axb6 19. Nfd2 Bb7 20. Ra7 Ra8 21. Rxa8 Rxa8 22. Qb1 Ba6 23. Rc1 Bb5 24. Qb2 Kh7 25. g3 h5 26. Rd1 Bh6 27. Bg2 Bxc4 28. Nxc4 Bxe3 29. Nxe3 Kg7 30. Qd2 b5 31. h4 Ra3 32. c4 bxc4 33. Nxc4 Ra8 34. Qc3 Re8 35. Bf3 Re6 36. Na5 Qb6 37. Rc1 Nb8 38. Nc4 Qc7 39. Ra1 Nbd7 40. Ra5 Re8 41. Ra6 Nb8 42. Ra8 Nbd7 43. Ra6 Nb8 44. Ra2 Nbd7 45. Rc2 Rc8 46. Kg2 Qb8 47. Rb2 Re8 48. Na5 Rc8 49. Nxc6 Qb6 50. b5 Ng4 51. Bxg4 hxg4 52. h5 gxh5 53. Qd2 Nf8 54. Ne7 Rb8 1-0

[Event "Jersey op"]
[Site "St Clement Bay"]
[Date "2019.04.09"]
[Round "5"]
[White "House, Glenn"]
[Black "Kennedy, Craig"]
[Result "1-0"]
[WhiteElo "2224"]
[BlackElo "1870"]
[PlyCount "91"]
[EventDate "2019.04.06"]
[EventType "swiss"]
[EventRounds "9"]
[EventCountry "GCI"]
[SourceTitle "CBM 189 Extra"]
[Source "ChessBase"]
[SourceDate "2019.06.03"]
[SourceVersion "1"]
[SourceVersionDate "2019.06.03"]
[SourceQuality "1"]

1. Nf3 e6 2. g3 f5 3. Bg2 Nf6 4. 0-0 d5 5. d3 Bc5 6. Nbd2 0-0 7. c4 c6 8. Qc2 Qe7 9. e4 e5 10. exd5 cxd5 11. cxd5 Na6 12. d4 exd4 13. Nb3 Bd7 14. Nxc5 Nxc5 15. Nxd4 Nce4 16. Qb3 Kh8 17. Bf4 g5 18. Be3 Qe5 19. Nf3 Qxd5 20. Nxg5 Bc6 21. Ne6 Rf7 22. Rfd1 Qxb3 23. axb3 a6 24. Nd8 Rc7 25. Bf4 Rcc8 26. Nf7+ Kg7 27. Nd6 Nxd6 28. Rxd6 Ne4 29. Be5+ Kg8 30. Rdd1 Rd8 31. Bc7 Rxd1+ 32. Rxd1 Rc8 33. Bb6 Kf7 34. h4 Ke6 35. b4 Bd5 36. Bh3 Rc2 37. Bxf5+ Kxf5 38. Rxd5+ Ke6 39. Rh5 Rxb2 40. Bd4 Rxb4 41. Be3 b5 42. Rh6+ Kf5 43. Rxa6 Kg4 44. Kg2 Rb2 45. Ra7 b4 46. Rxh7 1-0

[Event "Jersey op"]
[Site "St Clement Bay"]
[Date "2019.04.08"]
[Round "4"]
[White "Durand Le Ludec, Brendan Bubok"]
[Black "House, Glenn"]
[Result "1-0"]
[WhiteElo "2168"]
[BlackElo "2224"]
[PlyCount "95"]
[EventDate "2019.04.06"]
[EventType "swiss"]
[EventRounds "9"]
[EventCountry "GCI"]
[SourceTitle "CBM 189 Extra"]
[Source "ChessBase"]
[SourceDate "2019.06.03"]
[SourceVersion "1"]
[SourceVersionDate "2019.06.03"]
[SourceQuality "1"]

1. e4 c5 2. Nf3 e6 3. d4 cxd4 4. Nxd4 Nf6 5. Nc3 d6 6. Be2 Be7 7. 0-0 0-0 8. f4 Nc6 9. Be3 e5 10. Nf5 Bxf5 11. exf5 d5 12. fxe5 Nxe5 13. Kh1 a6 14. Bd4 Qd6 15. Bf3 Rad8 16. Re1 Nc6 17. Bxf6 Bxf6 18. Qxd5 Bxc3 19. Qxd6 Rxd6 20. bxc3 g6 21. fxg6 hxg6 22. Rad1 Rfd8 23. Rxd6 Rxd6 24. Rd1 Rxd1+ 25. Bxd1 Ne5 26. Be2 f6 27. Kg1 Kf7 28. Kf2 Ke6 29. Ke3 a5 30. h4 f5 31. Kd4 b6 32. Bb5 Kd6 33. Be8 Ke6 34. c4 Kd6 35. a4 f4 36. Ke4 Ke6 37. Kxf4 Nxc4 38. Kg5 Ne3 39. g4 Nxc2 40. Kxg6 Ke7 41. Bb5 Nd4 42. Ba6 b5 43. axb5 a4 44. b6 a3 45. Bc4 Kd6 46. h5 Nf3 47. Ba2 Ne5+ 48. Kf5 1-0

[Event "BCF-chT2a 1819 (4NCL)"]
[Site "England"]
[Date "2019.02.09"]
[Round "5.13"]
[White "House, Glenn"]
[Black "Ratnesan, Ranesh"]
[Result "1-0"]
[WhiteElo "2211"]
[BlackElo "2115"]
[PlyCount "85"]
[EventDate "2018.11.10"]
[EventType "team-tourn"]
[EventRounds "11"]
[EventCountry "ENG"]
[SourceTitle "EXT 2021"]
[Source "ChessBase"]
[SourceDate "2020.10.23"]
[SourceVersion "1"]
[SourceVersionDate "2020.10.23"]
[SourceQuality "1"]
[WhiteTeam "Spirit of Atticus"]
[BlackTeam "KJCA Kings"]
[WhiteTeamCountry "ENG"]
[BlackTeamCountry "ENG"]

1. Nf3 d5 2. g3 Bg4 3. Bg2 Nd7 4. 0-0 c6 5. d3 e6 6. b3 Bd6 7. Bb2 Ngf6 8. Nbd2 0-0 9. h3 Bh5 10. e4 e5 11. Qe1 Re8 12. Nh4 dxe4 13. dxe4 b5 14. Nf5 Bc5 15. g4 Bg6 16. Qe2 Qc7 17. a4 a6 18. Rfd1 Rad8 19. Nf3 Bxf5 20. gxf5 g6 21. axb5 axb5 22. Nh2 Nf8 23. Ng4 Nxg4 24. hxg4 f6 25. Rxd8 Rxd8 26. c3 Rd6 27. Rd1 g5 28. b4 Ba7 29. Bc1 Kg7 30. Bf1 Nd7 31. Rxd6 Qxd6 32. Qa2 Bb6 33. Be2 c5 34. Qe6 Bc7 35. Qxd6 Bxd6 36. Bxb5 Nb8 37. Ba3 cxb4 38. Bxb4 Bc7 39. Kf1 Kf7 40. Ke2 Kg7 41. Kd3 Bb6 42. Bd6 Ba7 43. f3 1-0

[Event "BCF-chT2a 1819 (4NCL)"]
[Site "England"]
[Date "2019.01.13"]
[Round "4.14"]
[White "Player, Edmund C"]
[Black "House, Glenn"]
[Result "0-1"]
[WhiteElo "2245"]
[BlackElo "2201"]
[PlyCount "80"]
[EventDate "2018.11.10"]
[EventType "team-tourn"]
[EventRounds "11"]
[EventCountry "ENG"]
[SourceTitle "EXT 2021"]
[Source "ChessBase"]
[SourceDate "2020.10.23"]
[SourceVersion "1"]
[SourceVersionDate "2020.10.23"]
[SourceQuality "1"]
[WhiteTeam "Anglian Avengers"]
[BlackTeam "Spirit of Atticus"]
[WhiteTeamCountry "ENG"]
[BlackTeamCountry "ENG"]

1. e4 c5 2. Nf3 e6 3. c3 Ne7 4. d4 cxd4 5. cxd4 d5 6. e5 Nbc6 7. a3 Nf5 8. b4 Bd7 9. Bb2 Qb6 10. g4 Nfe7 11. Ra2 h5 12. g5 Nf5 13. Ba1 g6 14. Rd2 Bg7 15. Nc3 0-0 16. Na4 Qd8 17. Nc5 b6 18. Nd3 Nce7 19. a4 Qe8 20. Ra2 Rc8 21. Nf4 Rc7 22. Bd3 b5 23. a5 Qa8 24. Bb1 Rfc8 25. 0-0 Rc4 26. Nd3 Be8 27. Nd2 Nc6 28. Nxc4 dxc4 29. Nc5 Nxb4 30. Be4 Bc6 31. Re2 Bxe4 32. Nxe4 Nd3 33. f3 Rd8 34. Rd2 Ne3 35. Qe2 Nxf1 36. Kxf1 Nf4 37. Qd1 b4 38. Qa4 c3 39. Rf2 Nd3 40. Re2 Qd5 0-1

[Event "BCF-chT2a 1819 (4NCL)"]
[Site "England"]
[Date "2018.11.11"]
[Round "2.14"]
[White "House, Glenn"]
[Black "Peacock, Malcolm R"]
[Result "1-0"]
[WhiteElo "2195"]
[BlackElo "2080"]
[PlyCount "101"]
[EventDate "2018.11.10"]
[EventType "team-tourn"]
[EventRounds "11"]
[EventCountry "ENG"]
[SourceTitle "EXT 2021"]
[Source "ChessBase"]
[SourceDate "2020.10.23"]
[SourceVersion "1"]
[SourceVersionDate "2020.10.23"]
[SourceQuality "1"]
[WhiteTeam "Spirit of Atticus"]
[BlackTeam "Manchester Manticores"]
[WhiteTeamCountry "ENG"]
[BlackTeamCountry "ENG"]

1. e4 e6 2. Qe2 g6 3. Nf3 Bg7 4. d3 Ne7 5. g3 b6 6. Bg2 Bb7 7. h4 h6 8. 0-0 d6 9. c3 Nd7 10. d4 a6 11. Rd1 0-0 12. Nbd2 Kh7 13. Nf1 Qe8 14. N1h2 f5 15. exf5 exf5 16. Ng5+ hxg5 17. Bxb7 Rb8 18. Bxg5 Rxb7 19. Qxe7 Qxe7 20. Bxe7 Re8 21. Re1 Nf6 22. Bxf6 Rxe1+ 23. Rxe1 Bxf6 24. Re8 Kg7 25. Ra8 c5 26. d5 a5 27. f4 b5 28. Rxa5 b4 29. cxb4 Rxb4 30. b3 Rd4 31. Nf3 Rxd5 32. Kg2 Rd3 33. Ra7+ Kg8 34. Rd7 Bc3 35. Kf2 Rd1 36. Ke2 Ra1 37. Rxd6 Rxa2+ 38. Kd3 Bb4 39. Rxg6+ Kh8 40. Rg5 Rb2 41. Kc4 Rc2+ 42. Kd5 Rc3 43. Ne5 Rxb3 44. Ke6 Be1 45. Kf7 Rb7+ 46. Kf6 Bc3 47. Kxf5 Bxe5 48. fxe5 c4 49. e6 c3 50. Kf6 Rc7 51. e7 1-0

[Event "Douglas IoM op"]
[Site "Douglas"]
[Date "2018.10.22"]
[Round "3"]
[White "House, Glenn"]
[Black "Kolosowski, Mateusz"]
[Result "1-0"]
[WhiteElo "2180"]
[BlackElo "2448"]
[PlyCount "165"]
[EventDate "2018.10.20"]
[EventType "swiss"]
[EventRounds "9"]
[EventCountry "ENG"]
[SourceTitle "CBM 187"]
[Source "ChessBase"]
[SourceDate "2018.12.11"]
[SourceVersion "1"]
[SourceVersionDate "2018.12.11"]
[SourceQuality "1"]

1. Nf3 d5 2. g3 c5 3. Bg2 Nf6 4. 0-0 e6 5. d3 Be7 6. Nbd2 Nc6 7. e4 0-0 8. e5 Nd7 9. Re1 Qc7 10. Qe2 b5 11. Nf1 Bb7 12. h4 Rfc8 13. Bf4 a5 14. N1h2 a4 15. a3 b4 16. Bh3 c4 17. d4 c3 18. bxc3 bxa3 19. Ng5 Nd8 20. Bd2 h6 21. Ngf3 Nb6 22. Ng4 Ba6 23. Qd1 Kf8 24. Ne3 Nc6 25. Nh2 Na5 26. Qf3 Ke8 27. Nhg4 Nac4 28. Nxc4 Nxc4 29. Bxh6 gxh6 30. Nxh6 Bf8 31. Ng8 Qc6 32. h5 Nd2 33. Qf4 Qxc3 34. Bg4 Qxc2 35. h6 Bd3 36. Qg5 Kd7 37. Qf6 Ke8 38. Bxe6 Nf3+ 39. Qxf3 fxe6 40. Qf6 Qc6 41. Qg5 Qb7 42. Nf6+ Kd8 43. Qg8 Qe7 44. h7 Bxh7 45. Nxh7 Kc7 46. Rec1+ Kb7 47. Rxc8 Rxc8 48. Nxf8 Rxf8 49. Qg6 Rf3 50. Kg2 Rc3 51. Qf6 Qd7 52. Qf8 Qb5 53. Qe7+ Ka6 54. Qxe6+ Ka5 55. Qd6 Qb2 56. Rh1 a2 57. Rh7 Qb6 58. Qxd5+ Kb4 59. Qxa2 a3 60. Qd5 Ka4 61. Rb7 Qa6 62. Qd7+ Qc6+ 63. Qxc6+ Rxc6 64. Ra7+ Kb3 65. Kf3 a2 66. d5 Rc3+ 67. Kg2 Rc5 68. f4 Rxd5 69. e6 Rd4 70. Rxa2 Kxa2 71. f5 Re4 72. Kf3 Re1 73. Kf4 Kb3 74. Kg5 Kc4 75. Kf6 Kd5 76. g4 Kd6 77. g5 Ra1 78. g6 Ra8 79. g7 Rb8 80. Kf7 Rb7+ 81. Kg6 Rb8 82. Kh7 Rb7 83. Kh8 1-0

[Event "South Wales op 15th"]
[Site "Cardiff"]
[Date "2018.07.12"]
[Round "9"]
[White "Waddington, Mike P"]
[Black "House, Glenn"]
[Result "1/2-1/2"]
[WhiteElo "2110"]
[BlackElo "2204"]
[PlyCount "127"]
[EventDate "2018.07.07"]
[EventType "swiss"]
[EventRounds "9"]
[EventCountry "WLS"]
[SourceTitle "EXT 2019"]
[Source "ChessBase"]
[SourceDate "2018.10.10"]
[SourceVersion "1"]
[SourceVersionDate "2018.10.10"]
[SourceQuality "1"]

1. Nc3 c5 2. e4 e6 3. f4 Nc6 4. Nf3 d5 5. Bb5 Nf6 6. e5 Nd7 7. d3 Be7 8. 0-0 0-0 9. Bxc6 bxc6 10. Qe1 Ba6 11. Qg3 Kh8 12. Ng5 h6 13. Nh3 f5 14. Qg6 Qe8 15. Qg3 Qh5 16. Qf3 Qxf3 17. Rxf3 Rg8 18. Rf1 Rab8 19. b3 c4 20. dxc4 Bc5+ 21. Kh1 Nb6 22. Rd1 dxc4 23. Bb2 Rgd8 24. Ng1 Kg8 25. Nf3 Kf7 26. Rab1 Ke7 27. g3 Bb7 28. Kg2 Kf7 29. h4 Ke7 30. Ba1 Rxd1 31. Rxd1 Rd8 32. Rxd8 Kxd8 33. Bb2 Kd7 34. h5 a5 35. Kh3 Bb4 36. a3 cxb3 37. cxb3 Be7 38. Nd2 Ba6 39. g4 Bc5 40. gxf5 exf5 41. Kg3 Bf8 42. Nf3 Bd3 43. Ne1 Ba6 44. Nf3 Bc5 45. Nd1 a4 46. bxa4 Nxa4 47. e6+ Kxe6 48. Bxg7 Be2 49. Nf2 Kf7 50. Bxh6 Bxa3 51. Ne5+ Ke6 52. Nxc6 Bc5 53. Nh3 Bxh5 54. Bg7 Kf7 55. Ba1 Be2 56. Ng5+ Ke8 57. Bf6 Nb6 58. Bd4 Bxd4 59. Nxd4 Bd3 60. Ngf3 Nd5 61. Nh4 Kf7 62. Nhxf5 Bxf5 63. Nxf5 Nxf4 64. Kxf4 1/2-1/2

[Event "South Wales op 15th"]
[Site "Cardiff"]
[Date "2018.07.11"]
[Round "8"]
[White "House, Glenn"]
[Black "Derakhshani, Borna"]
[Result "0-1"]
[WhiteElo "2204"]
[BlackElo "2315"]
[PlyCount "68"]
[EventDate "2018.07.07"]
[EventType "swiss"]
[EventRounds "9"]
[EventCountry "WLS"]
[SourceTitle "EXT 2019"]
[Source "ChessBase"]
[SourceDate "2018.10.10"]
[SourceVersion "1"]
[SourceVersionDate "2018.10.10"]
[SourceQuality "1"]

1. Nf3 Nf6 2. g3 g6 3. Bg2 Bg7 4. 0-0 0-0 5. d3 d5 6. Nbd2 c6 7. e4 Nbd7 8. Qe2 Nc5 9. e5 Nfd7 10. d4 Ne6 11. c3 a5 12. h4 b5 13. h5 b4 14. hxg6 fxg6 15. Bh3 Nb6 16. Kg2 Nc7 17. Rh1 Ba6 18. Qe3 Nc4 19. Qe1 Bc8 20. cxb4 axb4 21. Nb3 Bf5 22. Bxf5 Rxf5 23. g4 Rf8 24. Nc5 Qc8 25. Rh4 h6 26. Kg3 g5 27. Nxg5 hxg5 28. Bxg5 Ne6 29. Nxe6 Qxe6 30. Qb1 Kf7 31. f4 Rh8 32. b3 Nd2 33. Rxh8 Rxh8 34. f5 Bxe5+ 0-1

[Event "South Wales op 15th"]
[Site "Cardiff"]
[Date "2018.07.09"]
[Round "5"]
[White "House, Glenn"]
[Black "Heaven, Peter"]
[Result "1-0"]
[WhiteElo "2204"]
[BlackElo "2059"]
[PlyCount "119"]
[EventDate "2018.07.07"]
[EventType "swiss"]
[EventRounds "9"]
[EventCountry "WLS"]
[SourceTitle "EXT 2019"]
[Source "ChessBase"]
[SourceDate "2018.10.10"]
[SourceVersion "1"]
[SourceVersionDate "2018.10.10"]
[SourceQuality "1"]

1. Nf3 c5 2. e4 d6 3. g3 g6 4. Bg2 Bg7 5. 0-0 Nc6 6. d3 e5 7. c3 Nge7 8. a3 0-0 9. b4 a6 10. Re1 h6 11. Nbd2 Be6 12. Nb3 b6 13. Nfd2 Rb8 14. Bb2 Qd7 15. Nf1 f5 16. Ne3 f4 17. Nd5 Bh3 18. Nxe7+ Nxe7 19. Nd2 g5 20. Rf1 Ng6 21. Bc1 Bxg2 22. Kxg2 f3+ 23. Nxf3 Qg4 24. h3 Qe6 25. Nh2 Rb7 26. Rb1 Rbf7 27. Rb2 d5 28. bxc5 bxc5 29. Qe2 Ne7 30. c4 dxc4 31. dxc4 Nc6 32. Rb6 Qc8 33. Be3 Nd4 34. Qg4 Qa8 35. Bxd4 exd4 36. Qe2 Re8 37. Re1 Qd8 38. Rb3 Rd7 39. Qd3 Rf7 40. Re2 Ref8 41. Rb1 Be5 42. Rb3 Qc7 43. Qc2 Qd6 44. Qb1 Qe6 45. Qc2 Qd6 46. Rd3 Kh7 47. Ng4 Bg7 48. Ne3 Qc6 49. Nd5 Be5 50. Rb3 Qa4 51. Rf3 Qxc2 52. Rxf7+ Rxf7 53. Rxc2 Rb7 54. f4 gxf4 55. gxf4 d3 56. Rd2 Rb2 57. Rxb2 Bxb2 58. a4 Bc1 59. Kf2 Kg6 60. Ke1 1-0

[Event "South Wales op 15th"]
[Site "Cardiff"]
[Date "2018.07.09"]
[Round "4"]
[White "Yeo, Gareth"]
[Black "House, Glenn"]
[Result "0-1"]
[WhiteElo "1932"]
[BlackElo "2204"]
[PlyCount "92"]
[EventDate "2018.07.07"]
[EventType "swiss"]
[EventRounds "9"]
[EventCountry "WLS"]
[SourceTitle "EXT 2019"]
[Source "ChessBase"]
[SourceDate "2018.10.10"]
[SourceVersion "1"]
[SourceVersionDate "2018.10.10"]
[SourceQuality "1"]

1. c4 e6 2. Nc3 Bb4 3. a3 Bxc3 4. bxc3 Nf6 5. d4 c5 6. f3 Nc6 7. e4 0-0 8. e5 Ne8 9. f4 d5 10. Nf3 Qa5 11. Bd2 dxc4 12. Bxc4 h6 13. 0-0 cxd4 14. cxd4 Qd8 15. Be3 Ne7 16. Qe2 Nc7 17. Rad1 Ncd5 18. Bd2 b6 19. Bd3 Bb7 20. g4 Qd7 21. Qf2 Rac8 22. Nh4 Nc3 23. Rde1 Rfd8 24. Be3 Qd5 25. Nf3 Qxf3 26. Qxf3 Bxf3 27. Rxf3 Ned5 28. Bf2 b5 29. f5 a5 30. fxe6 fxe6 31. Bg6 Rf8 32. Rxf8+ Rxf8 33. Be3 b4 34. axb4 axb4 35. Bd2 Nf4 36. Bxc3 bxc3 37. Bc2 Rd8 38. Re4 Rxd4 39. Re1 Rd2 40. Bb3 Ne2+ 41. Kf1 Nd4 42. Re3 c2 43. Bxc2 Rxc2 44. h4 Nc6 45. g5 hxg5 46. hxg5 Kf7 0-1

[Event "South Wales op 15th"]
[Site "Cardiff"]
[Date "2018.07.07"]
[Round "2"]
[White "Chatalbashev, Boris"]
[Black "House, Glenn"]
[Result "1-0"]
[WhiteElo "2543"]
[BlackElo "2204"]
[PlyCount "95"]
[EventDate "2018.07.07"]
[EventType "swiss"]
[EventRounds "9"]
[EventCountry "WLS"]
[SourceTitle "EXT 2019"]
[Source "ChessBase"]
[SourceDate "2018.10.10"]
[SourceVersion "1"]
[SourceVersionDate "2018.10.10"]
[SourceQuality "1"]

1. d4 Nf6 2. c4 e6 3. Nf3 Bb4+ 4. Nbd2 b6 5. a3 Bxd2+ 6. Qxd2 Bb7 7. e3 0-0 8. Be2 d6 9. 0-0 Nbd7 10. b4 Qe7 11. Bb2 Rfd8 12. Rfd1 h6 13. Rac1 Be4 14. Qc3 c5 15. dxc5 bxc5 16. Nd2 Bc6 17. Nb3 Ba4 18. Rd2 Bxb3 19. Qxb3 a5 20. Bf3 Rab8 21. b5 Ne5 22. Bxe5 dxe5 23. Rxd8+ Rxd8 24. b6 e4 25. Be2 Qb7 26. Qb5 Rd2 27. Bf1 Nd7 28. Rb1 Rd6 29. Qxa5 Rxb6 30. Rxb6 Qxb6 31. Qa8+ Kh7 32. Qxe4+ f5 33. Qd3 Ne5 34. Qc3 Qd6 35. h3 g5 36. Be2 Kg6 37. a4 f4 38. a5 Kf6 39. exf4 gxf4 40. g3 Ke7 41. gxf4 Nc6 42. Qg7+ Kd8 43. Qxh6 Nxa5 44. f5 Nb3 45. fxe6 Nd4 46. Bg4 Qe7 47. h4 Kc7 48. Qg5 1-0

[Event "South Wales op 15th"]
[Site "Cardiff"]
[Date "2018.07.07"]
[Round "1"]
[White "House, Glenn"]
[Black "Dixon, Chris"]
[Result "1-0"]
[WhiteElo "2204"]
[BlackElo "1754"]
[PlyCount "77"]
[EventDate "2018.07.07"]
[EventType "swiss"]
[EventRounds "9"]
[EventCountry "WLS"]
[SourceTitle "EXT 2019"]
[Source "ChessBase"]
[SourceDate "2018.10.10"]
[SourceVersion "1"]
[SourceVersionDate "2018.10.10"]
[SourceQuality "1"]

1. Nf3 d5 2. g3 Nf6 3. Bg2 e6 4. 0-0 Be7 5. d3 0-0 6. Nbd2 c5 7. e4 Nc6 8. e5 Nd7 9. Re1 b5 10. Nf1 a5 11. h4 Ba6 12. N1h2 Rc8 13. Bf4 Nb6 14. Ng4 d4 15. Ng5 Nd5 16. Be4 g6 17. Bxd5 exd5 18. Nh6+ Kg7 19. Nhxf7 Qd7 20. e6 Qe8 21. Qe2 h6 22. Nf3 Rxf7 23. exf7 Qxf7 24. Ne5 Nxe5 25. Qxe5+ Bf6 26. Qe6 Qxe6 27. Rxe6 g5 28. hxg5 hxg5 29. Rxa6 gxf4 30. gxf4 a4 31. Re1 Rf8 32. Kg2 Bh4 33. Kf3 c4 34. Rg1+ Kf7 35. Rh1 Bf6 36. Rh5 c3 37. b3 axb3 38. axb3 Re8 39. Rxd5 1-0

[Event "BCF-chT1d 1718 (4NCL) Demotion pool"]
[Site "England"]
[Date "2018.05.05"]
[Round "9.63"]
[White "House, Glenn"]
[Black "Bukojemski, Adam"]
[Result "1/2-1/2"]
[WhiteElo "2198"]
[BlackElo "2194"]
[PlyCount "89"]
[EventDate "2017.11.11"]
[EventType "team-swiss"]
[EventRounds "11"]
[EventCountry "ENG"]
[SourceTitle "EXT 2019"]
[Source "ChessBase"]
[SourceDate "2018.10.10"]
[SourceVersion "1"]
[SourceVersionDate "2018.10.10"]
[SourceQuality "1"]
[WhiteTeam "Spirit of Atticus"]
[BlackTeam "Cambridge University"]
[WhiteTeamCountry "ENG"]
[BlackTeamCountry "ENG"]

1. Nf3 Nf6 2. g3 g6 3. Bg2 Bg7 4. 0-0 0-0 5. d3 d6 6. e4 e5 7. c3 Re8 8. Re1 Nbd7 9. a4 c6 10. a5 d5 11. Qc2 dxe4 12. dxe4 Nc5 13. Bf1 Bg4 14. Nbd2 Qd7 15. b4 Na6 16. Bb2 Rad8 17. Rad1 Qc8 18. Qb3 Nh5 19. Be2 h6 20. Nc4 Qe6 21. Rxd8 Rxd8 22. Rd1 Rxd1+ 23. Bxd1 Nf6 24. Nfd2 h5 25. Ne3 Qd7 26. Qc2 Be6 27. Be2 Ng4 28. Nxg4 Bxg4 29. Nc4 Nc7 30. Bxg4 hxg4 31. Bc1 Nb5 32. Be3 f5 33. exf5 gxf5 34. Bd2 Qe6 35. Ne3 f4 36. Qf5 Qd6 37. Qc8+ Kh7 38. Nc4 Qd3 39. Qxg4 Qb1+ 40. Kg2 Qe4+ 41. Kg1 Qb1+ 42. Kg2 Qe4+ 43. Kg1 Qxc4 44. Qh5+ Kg8 45. Qe8+ 1/2-1/2